LEADER 02653nam2 2200637 450 001 000012412 005 20150226110036.0 010 $a0-674-99039-0$bAmerican ISBN 010 $a0-434-99035-3$bEnglish ISBN 100 $a20030416d1980----km-y0itay0103----ba 101 2 $alat$aeng 102 $aUS$aGB 200 1 $aAgricola$fTacitus$gtranslated by M. Hutton$grevised by R. M. Ogilvie$aGermania$fTacitus$gtranslated by M. Hutton$grevised by E. H. Warmington$aDialogus$fTacitus$gtranslated by Sir W. Peterson$grevised by M. Winterbottom 210 $aCambridge, Massachusetts$cHarvard University Press$aLondon$c<> Heinemann$d1980 215 $aXV, 357 p., [2] carte di tav.$cill.$d17 cm 225 2 $a<> Loeb classical library 300 $aTraduzione inglese con testo latino a fronte 410 0$12001$a<> Loeb classical library 423 1$12001$aGermania 423 1$12001$aDialogus 461 1$1001000012409$12001$aTacitus$vvol. 1 500 11$aAgricola / Tacitus, Publius Cornelius$913321 500 11$aGermania / Tacitus, Publius Cornelius$913322 500 11$aDialogus de oratoribus/ Tacitus, Publius Cornelius$913323 676 $a878.01$v(22. ed.)$9Scritti miscellanei latini. Origini-500 700 1$aTacitus,$bPublius Cornelius$f$05717 702 1$aHutton,$bM. 702 1$aOgilvie,$bRobert M. 702 1$aWarmington,$bEric Herbert 702 1$aPeterson,$bWilliam 702 1$aWinterbottom,$bMichael 801 0$aIT$bUniversità della Basilicata - B.I.A.$gREICAT$2unimarc 912 $a000012412 996 $aGermania$913322 996 $aDialogus de oratoribus$913323 996 $aAgricola$913321 997 $aUNIBAS CAT $aSTD019$b01$c20030416$lBAS01$h0943 CAT $aTROMBONE$b21$c20030507$lBAS01$h1322 CAT $c20050601$lBAS01$h1755 CAT $abatch$b01$c20050718$lBAS01$h1051 CAT $c20050718$lBAS01$h1110 CAT $c20050718$lBAS01$h1140 CAT $c20050718$lBAS01$h1154 CAT $aBATCH$b00$c20070503$lBAS01$h1735 CAT $aEXT013$b01$c20140916$lBAS01$h1557 CAT $aEXT013$b01$c20140916$lBAS01$h1558 CAT $aEXT013$b01$c20140916$lBAS01$h1620 CAT $aEXT013$b01$c20140919$lBAS01$h1100 CAT $aATR$b40$c20140929$lBAS01$h1619 CAT $aATR$b00$c20150225$lBAS01$h1633 CAT $aEXT013$b01$c20150225$lBAS01$h1637 CAT $aEXT013$b01$c20150226$lBAS01$h0926 CAT $aEXT013$b01$c20150226$lBAS01$h1100 FMT Z30 -1$lBAS01$LBAS01$mBOOK$1BASA1$APolo Storico-Umanistico$2GEN$BCollezione generale$3Class/824$614632$5L14632$820030416$f02$FPrestabile Generale